Quizzes
Events
Quiz Creation
Community
Videos
Private Events
Remove Ads
Sign In
Join for FREE
Feedback
Dark Mode
Quiz Categories
Sports
Geography
Music
Movies
Television
Just For Fun
Miscellaneous
History
Literature
Language
Science
Gaming
Entertainment
Religion
Holiday
For Kids
Quiz Lab
Recent
Popular Today
Quiz Kudos Today
Editor Picks
Curator Picks
Quizzes by...
Day
Popularity
Type
Ratings
Length
Year
Community
Subscriptions
Recent Discussions
Orange Saloon
Badges
Playlists
Quests
Create
Leaderboards
Showdown
Live 5
Trivia Bingo
Activity
Puzzle Library
Sporcle Events
Private Events
Virtual Trivia
Globe League
Become a Host
Pub Owners
SporcleCon
Opinionation
Our Games
Videos
Blog
Mobile Apps
Partnerships
Remove Ads and Go Orange
Feedback
History
US Presidents
World Leaders
Politics
Nation
Discovery
War
Decade
Year
Century
Biography
Art
History
US Presidents
World Leaders
Politics
Nation
Discovery
War
Decade
Year
Century
Biography
Art
Random Quiz
Search Sporcle
×
Quiz Lab
Quiz Lab
History
President
Type in answers that appear in a list
Type in answers that appear in a list
Classic
Best Score? Go Orange.
Facts - Presidents on Rushmore Stats
Can you pick the Facts - Presidents on Rushmore
By
JackJohnson3
4m
20 Questions
27 Plays
27 Plays
27 Plays
Comments
Comments
Give Quiz Kudos
Give Quiz Kudos
-
- Ratings
hide this ad
Forced Order
Answers have to be entered in order
Answers have to be entered in order
Wrong Answers
Some wrong answers will appear in red
Some wrong answers will appear in red
Replay
Link that replays current quiz
Next Quiz
Link to next quiz in quiz playlist
You Got
0%
They Got
Avg Score
47%
Avg Friend Score
Upgrade to see
Score Distribution
Jump to the score distribution portion of the page
Score
0/20
Timer
04:00
0
Plays Today
Can you Name the President?
A, B, C or D?
% Correct
Who kept mockingbirds as pets because he loved their singing? (A) Jefferson (B) Roosevelt (C) Lincoln (D) Washington
???
74.1%
Who was the first to leave the US while in office? (A) Jefferson (B) Roosevelt (C) Lincoln (D) Washingto
???
74.1%
Who was left almost completely blind in one eye from boxing? (A) Jefferson (B) Roosevelt (C) Lincoln (D) Washington
???
70.4%
Who is often credited with introducing the french fry to the US? (A) Jefferson (B) Roosevelt (C) Lincoln (D) Washington
???
55.6%
Who suffered from deep bouts with depression? (A) Jefferson (B) Roosevelt (C) Lincoln (D) Washington
???
55.6%
Who owned the largest whiskey distillery in the United States during his lifetime? (A) Jefferson (B) Roosevelt (C) Lincoln (D) Washington
???
51.9%
Who chipped a piece of wood from a chair belonging to Shakespeare as a souvenir while visiting England? (A) Jefferson (B) Roosevelt (C) Lincoln (D) Washington
???
51.9%
Who was a gifted violin player? (A) Jefferson (B) Roosevelt (C) Lincoln (D) Washington
???
48.1%
Who dreamt of his own death shortly before dying? (A) Jefferson (B) Roosevelt (C) Lincoln (D) Washington
???
48.1%
Who is the only man to have obtained a patent? (A) Jefferson (B) Roosevelt (C) Lincoln (D) Washington
???
44.4%
Can you Name the President?
A, B, C or D?
% Correct
Who had a relationship to Hasty Pudding? (A) Jefferson (B) Roosevelt (C) Lincoln (D) Washington
???
44.4%
Who liked to skinny dip in the Potomac River? (A) Jefferson (B) Roosevelt (C) Lincoln (D) Washington
???
44.4%
Whose life is often compared to that of Cincinnatus? (A) JeffeWhich man's life is often compared to that of Cincinnatus?(A) Jefferson (B) Roosevelt (C) Lincoln (D) Washington
???
40.7%
Who was deemed a coward while serving as Governor? (A) Jefferson (B) Roosevelt (C) Lincoln (D) Washington
???
40.7%
Who was said to have a photographic memory? (A) Jefferson (B) Roosevelt (C) Lincoln (D) Washington
???
40.7%
Who was so strong he could crack walnut shells between his thumb and forefinger? (A) Jefferson (B) Roosevelt (C) Lincoln (D) Washington
???
40.7%
Who brought the first mule to the US? (A) Jefferson (B) Roosevelt (C) Lincoln (D) Washington
???
37%
Who had malaria, smallpox, pleurisy and dysentery all before age 30? (A) Jefferson (B) Roosevelt (C) Lincoln (D) Washington
???
37%
Who is a member of the National Wrestling Hall of Fame? (A) Jefferson (B) Roosevelt (C) Lincoln (D) Washington
???
29.6%
Whose cat ate at the White House dinner table? (A) Jefferson (B) Roosevelt (C) Lincoln (D) Washington
???
22.2%
Quiz Playlist
Details
Report
Send in Message
Add To Playlist
Classic:
Type in answers that appear in a list
Forced Order:
Answers have to be entered in order
Wrong Answers:
Some wrong answers will appear in red
Last Updated: Feb 16, 2017
Quiz Scoreboard
CHALLENGE
Sign Up to Join the Scoreboard
Show All
Scores
Hide
Comments
May contain spoilers
Recently Published
College Basketball Coaching Resumes
by pancakes188
Sports
9m
Billboard Blitz: Fleetwood Mac
by CooCooCachoo
Music
15s
Presidents Visiting Landmarks
by Hejman
History
7m
More to Explore
Quiz From the Vault
Featured Blog Post
Where Did the Easter Bunny Come From?
hide this ad
You Might Also Like...
Tags
President
rushmore
Today's Top Quizzes in History
Browse History
hide this ad
Today's Top Quizzes in President
Browse President
Top Contributed Quizzes in History
1
Popular People in 1991
2
Popular People in 1981
3
Popular People in 1951
4
Popular People in 1941
5
Popular People in 1986
6
Popular People in 1976
7
Popular People in 1921
8
I Am Born On March 28th
9
5-to-1: 20th Century Images of War
10
Popular People in 1946
Explore More
Trending Topics
Disney
Crossword
Harry Potter
Marvel
Anime
Kpop
NBA
Pokémon
Soccer
The Office
Song
NFL
Puzzle
Country
WWE
hide this ad
More By:
JackJohnson3
Quiz
Plays
Rating
Category
Featured
Created
Oklahoma Sooner Football All Americans 1913 - 2013
219
5.00
Sports
Nov 4, 2014
Facts - Presidents on Rushmore
27
5.00
History
Nov 5, 2014
Go to Creator's Profile
Score Distribution
Quiz Creator Spotlight
JackJohnson3
Follow
Send a Message
Quizzes Created
-
Created Quiz Play Count
-
More By This Creator
Popular Quizzes Today
1
Find the US States - No Outlines Minefield
2
Find the Countries of Europe - No Outlines Minefield
3
The Countries of the World
4
Find the US States
5
Risky Map Clicking: Biggest States A-Z
6
US States
7
Popular People in 1961
8
Movies - When Are They Set?
More History Quizzes
Before or After: US States
Quiz Lab
Trending Quizzes
Risky Map Clicking: Least Populous States A-Z
1-10 Letter G Words
1-10 Letter F Words
Risky Map Clicking: Next State Alphabetically
Click the Washington State Counties! (Map)
Recently Updated
Leaping Animals
pecheneg
Reality TV Shows (A-Z)
bhenderson79
Rickey Henderson's Hall of Fame Teammates
pecheneg
Champions League XIs: Arsenal
pecheneg
Quick Pick: Celebrities in WWE's Hall of Fame
aduchscher
A-Z Keypad Blitz II
pecheneg
Multiple Oscar Actors
pecheneg
Mystery Phrase Blitz: Oscar 'Best Actors'
pecheneg
F. Scott Fitzgerald Novels
LTH
Pick 3 Villains
ddd62291
Trending Topics
Crossword
Disney
Anime
Harry Potter
Marvel
NBA
Kpop
Country
WWE
Puzzle
Pokémon
The Office
Song
NFL
Soccer
Your Account Isn't Verified!
In order to create a playlist on Sporcle, you need to verify the email address you used during registration. Go to your
Sporcle Settings
to finish the process.
Report this User
Report this user for behavior that violates our
Community Guidelines
.
Details:
Send Report
Go to the Sporcle.com Mobile Site →
Comments